000 00726aam a2200277 i 4500
001 768714001
003 CO-MdFUSB
005 20250901093724.0
007 ta
008 250901t1987 sp |||| |||| 00| u spa d
020 _a84-7228-736-X
040 _cCO-MdFUSB
041 0 _aspa
082 0 4 _223
_a249
_bM9811e
100 1 _aMurray, Andrew (1828-1917)
_eautor
245 1 0 _aLa escuela de la oración
_c/ Andrew Murray
264 0 _bClie,
_aTerrassa, Barcelona, España :
_c[1987]
300 _a231 páginas
336 _atexto
_btxt
_2rdacontent
337 _2rdamedia
_asin mediación
_bn
338 _2rdacarrier
_avolumen
_bnc
563 _aRústico
650 7 _aOración
_986
942 _cBK
945 _aJTF-925
999 _c36315
_d36315